00582cam a22002411 4500001001300000003000400013005001700017008004100034010001700075025001800092035002000110040002100130042001200151050002000163100003000183245002400213260001100237300001900248500001600267500001300283740002700296999001700323sa 63003213 DLC20260227111940.0940921s1962 ii 000 0 beno  asa 63003213  aPL480:I-B-345 a(OCoLC)31150485 aDLCcCUdCUdDLC apremarc00aPK1718.M472bB51 aMitra, Bimal,d1912-1991.10aBhāskarera prema. c[1962] a102 p.c19 cm. aIn Bengali. aA novel.0 aBhāsdarera mitāli. c54953d54953